Представление документа в формате MARC21

Поле Инд. ПП Название Значение
Тип записи a
Библиографический уровень m
001 Контрольный номер bb0c19eeefcd402f9cdf7b4f57736bae
005 Дата корректировки 20260703130659.4
040 a Служба первич. каталог. 10013504
b Код языка каталог. rus
e Правила каталог. PSBO
041 0_ a Код языка текста rus
090 a Полочн. индекс 669
x Авторский знак П 373
r Идентификатор организации 10013504
245 10 a Заглавие Пластическая деформация металлов и сплавов
b Продолж. заглавия [сборник статей]
260 a Место издания Москва
b Издательство Металлургия
c Дата издания 1969
300 a Объем 328 с.
b Иллюстрации/ тип воспроизводства ил.
440 _0 a Серия Московский институт стали и сплавов. Кафедра пластической деформации специальных сплавов. Проблемная лаборатория оптических методов исследования напряжений и деформаций
v N тома Сборник 54
504 a Библиография Библиогр. в конце ст.
650 04 a Основная рубрика Металлообработка давлением
650 04 a Основная рубрика Металлы
x Основная подрубрика деформация
653 0_ a Ключевые слова МЕТАЛЛЫ - ДЕФОРМАЦИЯ; СПЛАВЫ - ДЕФОРМАЦИЯ ПЛАСТИЧЕСКАЯ - СБОРНИКИ
710 12 a Организация/ юрисдикция Московский институт стали и сплавов
901 t Тип документа m
952 a Тип литературы для КСУ ВШ КНР
c Вид литературы монография